| 000 | 00638nam a2200181Ia 4500 | ||
|---|---|---|---|
| 003 | IN-BaIIA | ||
| 008 | 211028s9999 xx 000 0 eng d | ||
| 020 | _a0-7923-5342-0 | ||
| 040 | _cIIA Library | ||
| 080 |
_a082.2:52 _bIAU-H11A |
||
| 245 | 0 |
_aHighlights of astronomy _bvol. 11A, XXIIIrd General Assembly of the IAU held in Kyoto, Japan, August 18-30, 1997 _cedited by J. Andersen |
|
| 260 |
_aDordrecht _bKluwer Academic _c1998 |
||
| 300 | _axxvii, 587p. | ||
| 650 |
_aAstronomy _980 |
||
| 650 | _aAstronomy and Astrophysics Thesaurus | ||
| 700 |
_aAndersen, J. ed. _922806 |
||
| 942 | _cBK | ||
| 999 |
_c12987 _d12987 |
||